000 00288nam a22001337a 4500
008 170530b xxu||||| |||| 00| 0 eng d
020 _a9781594031427
041 _aeng
080 _a 94(100)
100 _a17
101 _aSHH
245 _aHONOR A HISTORY
_cBOWMAN,J
942 _2udc
_cBK
999 _c15075
_d15075